000 006390000a22002050004500
999 _c54186
_d54186
001 768714001
003 CO-MdFUSB
005 20170814113054.0
008 170814s2001 xxu||||| |||| 00| 0 eng d
022 _a0098-9444
040 _aCO-MdFUSB
_bspa
_cCO-MdFUSB
_dCO-MdFUSB
041 _aeng
100 1 _aHerr, Larry G.
_eautor
245 1 0 _aExcavating the trible of Reuben
300 _aVolumen 27. Número 2 (2001), Páginas 36-47
_c28 cm.
546 _aTexto en inglés
700 1 _aClark, Douglas R.
773 0 _tBiblical Archaeology Review
_049395
_959469
_gVolumen 27. Número 2 (2001), Páginas 36-47
_qPágina 36
942 _cANA